000
00291nam a22001337a 4500
008
221111b ||||| |||| 00| 0 eng d
041
_a
eng
080
_a
101
082
_a
101 SCO
100
_a
44
101
_a
FILO
245
_a
THE SCIENTIFIC WORK OF RENE
_c
SCOTT F.J
942
_2
udc
_c
BK
999
_c
58863
_d
58863